Responses for show #6186 - Monday, July 4, 2011

2011 Kids Week game 1.

Contestants

[<< previous game]

Charlotte Scott, a twelve-year-old from Washington, D.C.

Aria Gerson, an eleven-year-old from Orem, Utah

Graham Doskoch, a twelve-year-old from Berkeley Heights, New Jersey

[next game >>]

Jeopardy! Round responses

CLASSIC KIDS' POEMS
NAME THE SPORT
TWEETS
THE ONE & ONLY
GEOGRAPHIC TERMS
THE LANGUAGE OF FOOD
    $200 6
a curl

Charlotte
    $200 1
football

Triple Stumper
    $200 26
(Aria: What is a duck?)
(Charlotte: What is a cockatoo?)
[The end-of-round signal sounds.]

a woodpecker

AriaCharlotte
Triple Stumper
    $200 8
a bat

Aria
    $200 16
Cape

Graham
    $200 21
pie

Graham
    $400 7
(Charlotte: What is bone?)

every dog his day

GrahamCharlotte
    $400 2
handball

Graham
    $400 9
Lake Michigan

Aria
    $400 17
a peninsula

Charlotte
    $400 22
beans

Aria
    $600 13
the law

Graham
    $600 3
soccer

Charlotte
    $600 10
Cuba

Triple Stumper
    $600 18
a delta

Aria
    $600 23
a cucumber

Charlotte
    $800 14
Never

Graham
    $800 4
basketball

Graham
    $800 11
Vesuvius

Aria
    $1,000 19
(Aria: Ummm... What is the...)
(Alex: Not coming to you, is it?)
(Aria: No.)

the Continental Divide

Aria
    $800 24
(Graham: What are apples?)

cherries

GrahamAria
    $1000 15
spoken to

Triple Stumper
    $1000 5
volleyball

Graham
    $1000 12
Neptune

Graham
    $1000 20
(Aria: What is a plateau?)
(Graham: What is a mesa?)
...
(Alex: All right, we a minute to go now, Aria.)

a butte

GrahamAria
Triple Stumper
    $1000 25
the pudding

Graham

Scores at the first commercial break (after clue 15):

Graham Aria Charlotte
$5,000 $1,400 $400

Scores at the end of the Jeopardy! Round:

Graham Aria Charlotte
$4,600 $1,000 $1,200

Double Jeopardy! Round responses

THE AMERICAN REVOLUTION
WHATCHA WATCHIN'?
GO FIGURE
IN THE DICTIONARY
REALLY BIG COUNTRIES
IT'S A SMALL WORLD
    $400 1
John Paul Jones

Aria
    $400 18
Clifford

Graham
    $400 6
75

Graham
    $400 11
a banner

Graham
    $400 16
Russia

Graham
    $400 24
an atom

Charlotte
    $800 2
Bunker Hill

Aria
    $800 22
Sonny with a Chance

Charlotte
    $800 7
-5

Aria
    $800 12
synonyms

Graham
    $800 17
China

Aria
    $800 27
a meter

Graham
    $1200 3
Valley Forge

Charlotte
    $1200 23
The Suite Life On Deck

Graham
    $1200 8
231

Aria
    $2,000 13
maroon

Graham
    $1200 19
Brazil

Aria
    $1200 28
a chihuahua

Charlotte
    $400 4
the Mississippi

Charlotte
    $1600 25
Full House

Aria
    $1600 9
13

Graham
    $1600 14
capillary

Graham
    $1600 20
(Aria: What is Great Britain?)

Australia

GrahamAria
    $1600 29
a fish

Aria
    $2000 5
Benedict Arnold

Graham
    $2000 26
(Aria: What is Discovery Kids?)
(Charlotte: What is the Animal Channel?)

Animal Planet

AriaCharlotte
Triple Stumper
    $2000 10
7/12

Graham
    $2000 15
antennae

Graham
    $2000 21
Indonesia

Aria
    $2000 30
a dinosaur

Aria

Scores at the end of the Double Jeopardy! Round:

Graham Aria Charlotte
$21,800 $9,800 $3,200
(lock game)

[wagering suggestions for these scores]

Final Jeopardy! Round responses

ADVERTISING ICONS
CharlotteWho is Bigfoot?
$2,000
AriaWho is Bigfoot
$3,399
GrahamWho is Ronald McDonald?
$0
Ronald McDonald

Final scores:

Graham Aria Charlotte
$21,800 $6,401 $1,200
Winner: $21,800 2nd place: $2,000 3rd place: $1,000

Game dynamics:

Coryat scores:

Graham Aria Charlotte
$21,000 $10,800 $4,400
24 R
(including 1 DD),
2 W
16 R,
5 W
(including 1 DD)
9 R
(including 1 DD),
3 W

Combined Coryat: $36,200

The J! Archive is created by fans, for fans. The Jeopardy! game show and all elements thereof, including but not limited to copyright and trademark thereto, are the property of Jeopardy Productions, Inc. and are protected under law. This website is not affiliated with, sponsored by, or operated by Jeopardy Productions, Inc. Join the discussion at JBoard.tv.